[Event "Finistere-chT 0304"]
[Site "Finistere"]
[Date "2004.02.28"]
[Round "5.5"]
[White "Le Carre, Claude"]
[Black "Quemeneur, Georges"]
[Result "1-0"]
[WhiteElo "1890"]
[BlackElo "1499"]
[PlyCount "67"]
[EventDate "2003.10.??"]
[EventType "team-swiss"]
[EventRounds "6"]
[EventCountry "FRA"]
[SourceTitle "EXT 2005"]
[Source "ChessBase"]
[SourceDate "2004.11.15"]
[SourceVersion "1"]
[SourceVersionDate "2004.11.15"]
[SourceQuality "1"]

1. d4 d5 2. c4 c5 3. Nf3 Bf5 4. Nc3 Nf6 5. e3 e6 6. cxd5 cxd4 7. Qa4+ Nbd7 8. Bd2 a6 9. Be2 h6 10. 0-0 Bd6 11. b4 b5 12. Qb3 Qb8 13. h3 0-0 14. a4 Ne4 15. axb5 Nxd2 16. Nxd2 axb5 17. Rxa8 Qxa8 18. Nxb5 Be7 19. Nc3 Rb8 20. b5 Qa5 21. Ndb1 Bb4 22. Na4 Rc8 23. Na3 Bxa3 24. Qxa3 Nb6 25. Ra1 Ra8 26. Qb3 Qd2 27. Ra2 Qe1+ 28. Kh2 Nxa4 29. Rxa4 Rxa4 30. Qxa4 Qxe2 31. b6 Qxf2 32. b7 Be4 33. b8Q+ Kh7 34. Qg3 1-0

[Event "Finistere-chT 0304"]
[Site "Finistere"]
[Date "2003.11.29"]
[Round "2.3"]
[White "Benard, Serge"]
[Black "Le Carre, Claude"]
[Result "0-1"]
[WhiteElo "1600"]
[BlackElo "1830"]
[PlyCount "95"]
[EventDate "2003.10.??"]
[EventType "team-swiss"]
[EventRounds "6"]
[EventCountry "FRA"]
[SourceTitle "EXT 2005"]
[Source "ChessBase"]
[SourceDate "2004.11.15"]
[SourceVersion "1"]
[SourceVersionDate "2004.11.15"]
[SourceQuality "1"]

1. e4 d6 2. d4 Nf6 3. Nc3 g6 4. Bg5 Bg7 5. Qd2 c6 6. Bc4 0-0 7. f3 Nbd7 8. Bh6 b5 9. Bd3 Nb6 10. Bxg7 Kxg7 11. Nge2 b4 12. Nd1 a5 13. c4 e5 14. d5 cxd5 15. exd5 Re8 16. Nf2 Nfd7 17. 0-0 f5 18. b3 Nc5 19. Bc2 f4 20. a3 bxa3 21. Rxa3 a4 22. Qc3 Qf6 23. b4 Ncd7 24. Ne4 Qf8 25. Bd3 Nf6 26. Qc2 Nxe4 27. Bxe4 Ba6 28. Bd3 Rec8 29. Rc1 Nxd5 30. Qxa4 Nb6 31. Qb3 Qf7 32. b5 Bb7 33. Rxa8 Bxa8 34. Qb1 Nxc4 35. Qb4 d5 36. Ra1 Qb7 37. Nc1 Qb6+ 38. Kh1 Kf7 39. Ra6 Qf2 40. b6 Nxb6 41. Nb3 Nc4 42. Ra1 Qb6 43. Qc3 d4 44. Bxc4+ Kf6 45. Qd3 Qb4 46. Nd2 Qc3 47. Ne4+ Bxe4 48. Qxe4 0-1

[Event "Finistere-chT 0304"]
[Site "Finistere"]
[Date "2003.10.18"]
[Round "1.3"]
[White "Le Carre, Claude"]
[Black "Chetail, Jean Louis"]
[Result "1-0"]
[WhiteElo "1830"]
[BlackElo "1460"]
[PlyCount "91"]
[EventDate "2003.10.??"]
[EventType "team-swiss"]
[EventRounds "6"]
[EventCountry "FRA"]
[SourceTitle "EXT 2005"]
[Source "ChessBase"]
[SourceDate "2004.11.15"]
[SourceVersion "1"]
[SourceVersionDate "2004.11.15"]
[SourceQuality "1"]

1. d4 d5 2. c4 dxc4 3. Nf3 Nf6 4. Nc3 e6 5. Bg5 Be7 6. e3 Nd5 7. Bxe7 Nxe7 8. Bxc4 c6 9. b4 b5 10. Bd3 Nd5 11. Qb3 a5 12. Nxd5 exd5 13. 0-0 0-0 14. a3 Bg4 15. Ne5 a4 16. Qc2 Qh4 17. Nxg4 Qxg4 18. Bxh7+ Kh8 19. Bf5 Qg5 20. Bd3 f5 21. f4 Qf6 22. Rf3 g6 23. Rc1 Kg7 24. Rg3 Rh8 25. Bxf5 Rh6 26. Rg5 Ra7 27. Rf1 Re7 28. Rf3 Kf7 29. Bxg6+ Rxg6 30. Rf5 Re6 31. Rxf6+ Rgxf6 32. Qh7+ Ke8 33. Qg8+ Ke7 34. Qxb8 Rf8 35. Qc7+ Kf6 36. Qe5+ Ke7 37. Qxe6+ Kxe6 38. g4 Kf6 39. Kf2 Rh8 40. Kg3 Rg8 41. h4 Rg7 42. f5 Rh7 43. g5+ Ke7 44. Kg4 Rh8 45. h5 Kf7 46. f6 1-0